00286nam a2200109Ia 4500008004100000100001500041245004700056260004100103300001000144942000700154999001500161190216s9999||||xx |||||||||||||| ||und|| aPrasad N K 0aPrinciples And Practice Of Cost Accounting bPrentice Hall Of India Pvt Ltdc1979 a2452p cBK c4623d4623